History Quiz

Random History or Biography Quiz

Famous Women Who Never Married Quiz Stats

 Plays Quiz not verified by Sporcle

Score 0/22 Timer 06:00
0 Plays Today
Hint Famous Woman % Correct
Calcutta nun and Nobel Peace Prize winnerMother Teresa
84.7%
Fashion Designer of 'No. 5' fameCoco Chanel
84.7%
'Pride and Prejudice' authorJane Austen
82.4%
'Wuthering Heights' authorEmily Brontë
80.6%
French martyr known as 'The Maid of Orléans'Joan of Arc
80.1%
'To Kill a Mockingbird' authorHarper Lee
78%
'Little Women' authorLouisa May Alcott
72.9%
Last monarch of the Tudor dynastyElizabeth I
72.1%
English social reformer and founder of modern nursingFlorence Nightingale
66.5%
First deaf-blind person to receive a Bachelor of Arts degreeHelen Keller
65.1%
U. S. Secretary of State from 2005-2009Condoleezza Rice
61.8%
Hint Famous Woman % Correct
Media mogul and Oscar-nominated actressOprah Winfrey
60%
Social reformer once featured on the U. S. dollar coinSusan B. Anthony
57.5%
Alleged 19th-century axe murdererLizzie Borden
55.2%
Nurse, founder of the American Red CrossClara Barton
51.9%
Swedish star of 'Grand Hotel' and 'Mata Hari'Greta Garbo
39.2%
'Hope is the thing with feathers' poetEmily Dickinson
33.4%
'My Ántonia' authorWilla Cather
32.6%
Zoologist who studied gorillas in RwandaDian Fossey
31.3%
Impressionist painter of 'Little Girl in a Blue Armchair'Mary Cassatt
27.4%
Italian physician and educational pioneerMaria Montessori
25.9%
'The Second Sex' authorSimone de Beauvoir
24.7%

You're not logged in!

Compare scores with friends on all Sporcle quizzes.
OR
Log In

Show Comments

Extras

Top Quizzes Today


Score Distribution

Your Account Isn't Verified!

In order to create a playlist on Sporcle, you need to verify the email address you used during registration. Go to your Sporcle Settings to finish the process.

Report this User

Report this user for behavior that violates our Community Guidelines.

Details: